00429 2200157 4500245003500000020002200035250001000057100001700067700001700084005001900101260007600120041001400196084001000210300004200220336000900262 aKereta ApicHasna NelfiahText a978-602-244-166-3 aCet.1 aHasna Nelfia aOske Winardi a20240917150903 aJakartabKementerian Pendidikan, Kebudayaan, Riset, dan Teknologic2018 aIndonesia a741.5 aiv, 20 hlm. :bilus. ;c21 x 29,7 cm. atext